[Event "Saint Affrique op 27th"]
[Site "Saint Affrique"]
[Date "2019.07.22"]
[Round "3"]
[White "Ringuet, Noe"]
[Black "Cornette, Matthieu"]
[Result "0-1"]
[WhiteElo "2170"]
[BlackElo "2548"]
[PlyCount "62"]
[EventDate "2019.07.20"]
[EventType "swiss"]
[EventRounds "9"]
[EventCountry "FRA"]
[SourceTitle "EXT 2020"]
[Source "ChessBase"]
[SourceDate "2019.10.17"]
[SourceVersion "1"]
[SourceVersionDate "2019.10.17"]
[SourceQuality "1"]

1. e4 e6 2. d4 d5 3. exd5 exd5 4. Nf3 Nc6 5. Bb5 Bd6 6. c4 dxc4 7. d5 a6 8. Ba4 b5 9. dxc6 bxa4 10. Qxa4 Ne7 11. 0-0 0-0 12. Bg5 Rb8 13. Qxc4 Rxb2 14. Nbd2 Rb4 15. Qe2 Bf5 16. Rfe1 f6 17. a3 Rb8 18. Bh4 Bd3 19. Qe6+ Kh8 20. Nd4 Ng6 21. Qg4 f5 22. Bxd8 fxg4 23. Bg5 Rfe8 24. Be3 Ne7 25. Rac1 Nd5 26. Nc4 Bxc4 27. Rxc4 Bxa3 28. Ra4 Bb4 29. Rb1 Nc3 30. Raxb4 Nxb1 31. Rb7 Rxb7 0-1

[Event "Saint Quentin op 1st"]
[Site "Saint Quentin"]
[Date "2019.07.08"]
[Round "4"]
[White "Ringuet, Noe"]
[Black "Stremavicius, Titas"]
[Result "0-1"]
[WhiteElo "2170"]
[BlackElo "2474"]
[PlyCount "112"]
[EventDate "2019.07.06"]
[EventType "swiss"]
[EventRounds "9"]
[EventCountry "FRA"]
[SourceTitle "CBM 191 Extra"]
[Source "ChessBase"]
[SourceDate "2019.09.30"]
[SourceVersion "1"]
[SourceVersionDate "2019.09.30"]
[SourceQuality "1"]

1. f4 g6 2. Nf3 Bg7 3. g3 d5 4. Bg2 Nf6 5. 0-0 0-0 6. d3 c6 7. c3 Qb6+ 8. e3 Nbd7 9. Qe2 Re8 10. d4 Ne4 11. Nfd2 Nd6 12. b3 Nf6 13. Bb2 Bg4 14. Qf2 Bf5 15. Qe2 c5 16. c4 Nfe4 17. Nxe4 Bxe4 18. dxc5 Qxc5 19. Bxg7 Kxg7 20. Bxe4 Nxe4 21. Nd2 Nxd2 22. Qxd2 dxc4 23. bxc4 Kg8 24. Qd4 Rac8 25. Rac1 Red8 26. Qxc5 Rxc5 27. Rfd1 Rxd1+ 28. Rxd1 Rxc4 29. Rd7 Rc1+ 30. Kg2 Rc2+ 31. Kf3 Rxa2 32. Rxb7 Kf8 33. h4 h5 34. g4 hxg4+ 35. Kxg4 a5 36. Ra7 a4 37. h5 gxh5+ 38. Kxh5 a3 39. Kg5 Rg2+ 40. Kf5 a2 41. e4 Ke8 42. Ke5 Rb2 43. Kf5 Kd8 44. e5 Re2 45. Kg5 Kc8 46. f5 Kb8 47. Ra3 Kc7 48. e6 fxe6 49. fxe6 Kd6 50. Ra6+ Ke5 51. Kg6 Rf2 52. Kg7 Kd5 53. Kg6 Kc4 54. Kg5 Kb3 55. Rb6+ Kc2 56. Rc6+ Kb1 0-1

[Event "FRA-ch rapid"]
[Site "Le Blanc Mesnil"]
[Date "2019.05.30"]
[Round "4"]
[White "Guliyev, Namig"]
[Black "Ringuet, Noe"]
[Result "1-0"]
[WhiteElo "2549"]
[BlackElo "2143"]
[PlyCount "65"]
[EventDate "2019.05.30"]
[EventType "swiss (rapid)"]
[EventRounds "14"]
[EventCountry "FRA"]
[SourceTitle "CBM 190 Extra"]
[Source "ChessBase"]
[SourceDate "2019.07.15"]
[SourceVersion "1"]
[SourceVersionDate "2019.07.15"]
[SourceQuality "1"]

1. e4 c5 2. Nf3 Nc6 3. Nc3 e5 4. Bc4 Be7 5. d3 d6 6. Nd2 Bg5 7. h4 Bh6 8. Nf1 Bxc1 9. Rxc1 Nf6 10. Ne3 Be6 11. h5 h6 12. Qf3 Qd7 13. Qg3 Rg8 14. Ncd5 0-0-0 15. Nxf6 gxf6 16. Qf3 Qe7 17. c3 Kb8 18. Kd2 Rg5 19. Kc2 Rdg8 20. g3 f5 21. exf5 Bxc4 22. dxc4 e4 23. Qf4 Qe5 24. Rcd1 Kc7 25. Rd5 Qxf4 26. gxf4 Rg1 27. Rxg1 Rxg1 28. Rd1 Rxd1 29. Kxd1 Ne7 30. f6 Nc8 31. Ng4 d5 32. Nxh6 Kd6 33. Ng8 1-0

[Event "FRA-chT Top 12"]
[Site "Brest"]
[Date "2019.05.19"]
[Round "2.7"]
[White "Cornette, Matthieu"]
[Black "Ringuet, Noe"]
[Result "1-0"]
[WhiteElo "2553"]
[BlackElo "2143"]
[PlyCount "67"]
[EventDate "2019.05.18"]
[EventType "team-tourn"]
[EventRounds "11"]
[EventCountry "FRA"]
[SourceTitle "CBM 190 Extra"]
[Source "ChessBase"]
[SourceDate "2019.07.15"]
[SourceVersion "1"]
[SourceVersionDate "2019.07.15"]
[SourceQuality "1"]
[WhiteTeam "Asnieres"]
[BlackTeam "Tours Hauts de France St Quentin"]
[WhiteTeamCountry "FRA"]
[BlackTeamCountry "FRA"]

1. Nf3 f5 2. d4 Nf6 3. Bg5 e6 4. Nbd2 Be7 5. e3 0-0 6. Bd3 b6 7. c3 Bb7 8. Bxf6 Bxf6 9. e4 fxe4 10. Nxe4 d5 11. Nxf6+ Qxf6 12. Qc2 g6 13. Ne5 c5 14. 0-0 cxd4 15. cxd4 Rc8 16. Qe2 Nc6 17. Ng4 Qg7 18. Qxe6+ Kh8 19. Rfe1 Nxd4 20. Qd6 Rd8 21. Qe7 Nc6 22. Qh4 Re8 23. h3 a6 24. Rad1 Re7 25. Rxe7 Qxe7 26. Qh6 Qe6 27. Rd2 Qe1+ 28. Kh2 Ne5 29. Re2 Nxg4+ 30. hxg4 Qb4 31. Re6 Rf8 32. Bxg6 Qf4+ 33. Qxf4 Rxf4 34. Bf5 1-0

[Event "Riscle-A"]
[Site "Riscle"]
[Date "2018.08.08"]
[Round "4"]
[White "Koch, Alain1111"]
[Black "Ringuet, Noe"]
[Result "0-1"]
[WhiteElo "1931"]
[BlackElo "2212"]
[PlyCount "92"]
[EventDate "2018.08.06"]
[EventType "tourn"]
[EventRounds "7"]
[EventCountry "FRA"]
[SourceTitle "EXT 2020"]
[Source "ChessBase"]
[SourceDate "2019.10.17"]
[SourceVersion "1"]
[SourceVersionDate "2019.10.17"]
[SourceQuality "1"]

1. d4 f5 2. f3 e6 3. Be3 b6 4. Nc3 Bb4 5. Qd2 Nf6 6. a3 Bxc3 7. Qxc3 Nd5 8. Qd2 Nxe3 9. Qxe3 0-0 10. f4 Bb7 11. Nf3 Nc6 12. 0-0-0 Na5 13. Qc3 Rc8 14. b4 Nc6 15. e3 Ne7 16. Qb3 c5 17. dxc5 Bxf3 18. gxf3 bxc5 19. b5 Qc7 20. c4 a6 21. a4 axb5 22. axb5 Ra8 23. Kb2 e5 24. fxe5 Qxe5+ 25. Kc2 Ra7 26. f4 Qe4+ 27. Bd3 Qg2+ 28. Kc3 Rfa8 29. Rhg1 Qf2 30. Rge1 Ra3 31. Re2 Rxb3+ 32. Kxb3 Qf3 33. Rdd2 g6 34. h4 h5 35. Kb2 Qf1 36. Kb3 Qh3 37. Bc2 Ra7 38. Bd3 Kf7 39. Rb2 Nc8 40. Ra2 Rxa2 41. Kxa2 Qxh4 42. Kb2 Nb6 43. Kc3 Qf6+ 44. Kd2 h4 45. e4 Qd4 46. Kc2 Na4 0-1

[Event "Rochefort op-A17th"]
[Site "Rochefort"]
[Date "2018.02.17"]
[Round "7.13"]
[White "Ringuet, Noe"]
[Black "Shirazi, Kamran"]
[Result "0-1"]
[WhiteElo "2213"]
[BlackElo "2324"]
[PlyCount "64"]
[EventDate "2018.02.17"]
[EventType "swiss"]
[EventRounds "9"]
[EventCountry "FRA"]
[SourceTitle "EXT 2019"]
[Source "ChessBase"]
[SourceDate "2018.10.10"]
[SourceVersion "1"]
[SourceVersionDate "2018.10.10"]
[SourceQuality "1"]

1. e4 e6 2. d3 c5 3. Nf3 Nc6 4. g3 g6 5. Bg2 Bg7 6. 0-0 Nge7 7. Re1 d6 8. c3 0-0 9. a4 h6 10. Na3 f5 11. Nc4 e5 12. exf5 Bxf5 13. Nh4 Be6 14. f4 Qd7 15. Qe2 Rae8 16. fxe5 d5 17. Nd6 Rb8 18. Be3 d4 19. Bd2 g5 20. Nf3 Bg4 21. Nc4 Qe6 22. Qe4 Rfd8 23. cxd4 Bf5 24. Qe3 Nd5 25. Qe2 g4 26. dxc5 gxf3 27. Qxf3 Nd4 28. Qh5 Bg4 29. Qh4 Nf3+ 30. Bxf3 Bxf3 31. b4 Ne7 32. Nd6 Ng6 0-1

[Event "Saint Affrique op 22nd"]
[Site "Saint Affrique"]
[Date "2014.07.26"]
[Round "9"]
[White "Ringuet, Noe"]
[Black "Roubaud, Alexandre"]
[Result "1-0"]
[WhiteElo "2070"]
[BlackElo "2171"]
[PlyCount "89"]
[EventDate "2014.07.19"]
[EventType "swiss"]
[EventRounds "9"]
[EventCountry "FRA"]
[SourceTitle "CBM 161 Extra"]
[Source "ChessBase"]
[SourceDate "2014.08.29"]
[SourceVersion "1"]
[SourceVersionDate "2014.08.29"]
[SourceQuality "1"]

1. d4 Nf6 2. Nc3 d5 3. Bf4 c6 4. Qd2 Bf5 5. f3 e6 6. g4 Bg6 7. h4 h6 8. 0-0-0 Nbd7 9. e3 a5 10. Bd3 Bxd3 11. Qxd3 a4 12. Nge2 Qa5 13. g5 Ng8 14. g6 f6 15. e4 Nb6 16. exd5 cxd5 17. Rhe1 Nc4 18. Kb1 Rc8 19. Bc1 Bb4 20. Nf4 Nxb2 21. Bxb2 Bxc3 22. Rxe6+ Ne7 23. Bxc3 Rxc3 24. Qe2 Rc7 25. Re1 Qb4+ 26. Kc1 Qa3+ 27. Kd1 Kd8 28. Nxd5 Rd7 29. Rxe7 Rxd5 30. Re8+ Rxe8 31. Qxe8+ Kc7 32. Qe7+ Qxe7 33. Rxe7+ Kc6 34. c3 Rh5 35. Rxg7 Rxh4 36. Rf7 Rh1+ 37. Ke2 Rg1 38. Rxf6+ Kb5 39. Kf2 Rg5 40. f4 Rg4 41. Kf3 Rg1 42. f5 Kc4 43. Rf7 Kxc3 44. g7 h5 45. f6 1-0

[Event "FRA-ch U20"]
[Site "Montbeliard"]
[Date "2014.04.22"]
[Round "4"]
[White "Ringuet, Noe"]
[Black "Moussard, Jules"]
[Result "0-1"]
[WhiteElo "2095"]
[BlackElo "2446"]
[PlyCount "78"]
[EventDate "2014.04.20"]
[EventType "swiss"]
[EventRounds "9"]
[EventCountry "FRA"]
[SourceTitle "CBM 160 Extra"]
[Source "ChessBase"]
[SourceDate "2014.07.01"]
[SourceVersion "1"]
[SourceVersionDate "2014.07.01"]
[SourceQuality "1"]

1. b3 Nf6 2. Bb2 e6 3. Nf3 Be7 4. e3 0-0 5. Be2 a5 6. c4 a4 7. bxa4 d6 8. Nc3 Nbd7 9. 0-0 Nb6 10. Rb1 Bd7 11. Ba1 Ra7 12. Nb5 Rxa4 13. Qb3 Bxb5 14. cxb5 Qa8 15. Rfc1 Nfd5 16. Bd4 Rxa2 17. Ra1 Rxa1 18. Rxa1 Qb8 19. e4 Nf6 20. d3 Nfd7 21. Ra5 Rc8 22. Nd2 Bf6 23. Be3 d5 24. exd5 exd5 25. Bg4 Rd8 26. Nf3 d4 27. Bf4 Nc5 28. Qa3 Nd5 29. Bg3 b6 30. Ra7 Nxd3 31. Ra4 Nc3 32. Rc4 Ne2+ 33. Kf1 Nxg3+ 34. hxg3 Nc5 35. Nd2 d3 36. Qb4 Qa7 37. Kg1 Qa1+ 38. Kh2 g6 39. Rf4 Rd4 0-1

[Event "FRA-ch U14"]
[Site "Aix les Bains"]
[Date "2009.04.22"]
[Round "5"]
[White "Ringuet, Noe"]
[Black "Roubaud, Alexandre"]
[Result "0-1"]
[WhiteElo "1906"]
[BlackElo "2074"]
[PlyCount "72"]
[EventDate "2009.04.19"]
[EventType "swiss"]
[EventRounds "9"]
[EventCountry "FRA"]
[SourceTitle "CBM 130 Extra"]
[Source "ChessBase"]
[SourceDate "2009.07.02"]
[SourceVersion "2"]
[SourceVersionDate "2009.07.15"]
[SourceQuality "1"]

1. e4 e5 2. Nf3 Nc6 3. Bc4 Bc5 4. 0-0 d6 5. c3 Bb6 6. d3 Nf6 7. Nbd2 0-0 8. Bb3 Be6 9. Bc2 Nd7 10. Re1 f5 11. h3 f4 12. a4 a5 13. Bb3 Bf7 14. Bxf7+ Rxf7 15. Nc4 Ba7 16. Rb1 Qf6 17. b4 axb4 18. cxb4 g5 19. b5 Nd4 20. Bb2 Ne6 21. d4 Nxd4 22. Bxd4 Bxd4 23. Nxd4 exd4 24. Ra1 Ne5 25. Na3 f3 26. Qxd4 fxg2 27. Kxg2 Qf3+ 28. Kg1 Qxh3 29. Re3 Nf3+ 30. Rxf3 Qxf3 31. Ra2 Qb3 32. Qd2 h6 33. a5 Rxa5 34. Qxa5 Qxa2 35. Qa8+ Kg7 36. Qa7 b6 0-1

[Event "FRA-chT U20 0809"]
[Site "Sautron"]
[Date "2009.01.02"]
[Round "6.3"]
[White "Loiseau, Quentin"]
[Black "Ringuet, Noe"]
[Result "1-0"]
[WhiteElo "2035"]
[BlackElo "1911"]
[PlyCount "83"]
[EventDate "2008.10.??"]
[EventType "team-tourn"]
[EventRounds "11"]
[EventCountry "FRA"]
[SourceTitle "EXT 2010"]
[Source "ChessBase"]
[SourceDate "2010.11.25"]
[SourceVersion "1"]
[SourceVersionDate "2010.11.25"]
[SourceQuality "1"]

1. Nf3 Nf6 2. c4 g6 3. Nc3 d5 4. Qa4+ c6 5. cxd5 Nxd5 6. Qd4 Nf6 7. Qxd8+ Kxd8 8. e4 Bg7 9. Bc4 b5 10. Bd3 Nbd7 11. Bc2 e6 12. 0-0 h6 13. Rd1 Bb7 14. d4 a6 15. a3 Ke7 16. Bf4 g5 17. Bg3 Nh5 18. Bc7 Rhc8 19. Ba5 Nf4 20. Rd2 Ra7 21. a4 Ke8 22. Re1 Ng6 23. Red1 g4 24. Ne1 Ne7 25. Bb3 Ba8 26. Nc2 h5 27. Ne3 Bh6 28. e5 Rb7 29. Ne4 Bxe3 30. Nd6+ Kf8 31. fxe3 c5 32. Rf1 Nf5 33. Rxf5 exf5 34. Nxc8 f4 35. exf4 cxd4 36. Bd5 Rb8 37. Bxa8 Rxc8 38. Rxd4 Nc5 39. Rd8+ Rxd8 40. Bxd8 Nxa4 41. b4 Ke8 42. Ba5 1-0

[Event "FRA-chT U20 0809"]
[Site "Sautron"]
[Date "2009.01.02"]
[Round "4.4"]
[White "Ringuet, Noe"]
[Black "Malka, Samuel"]
[Result "1-0"]
[WhiteElo "1911"]
[BlackElo "1736"]
[PlyCount "61"]
[EventDate "2008.10.??"]
[EventType "team-tourn"]
[EventRounds "11"]
[EventCountry "FRA"]
[SourceTitle "EXT 2010"]
[Source "ChessBase"]
[SourceDate "2010.11.25"]
[SourceVersion "1"]
[SourceVersionDate "2010.11.25"]
[SourceQuality "1"]

1. e4 c5 2. Nf3 d6 3. d4 cxd4 4. Nxd4 Nf6 5. Nc3 a6 6. Bc4 e6 7. Bb3 Be7 8. Bg5 Nc6 9. f4 Qb6 10. Nxc6 Qxc6 11. Qe2 b5 12. a4 h6 13. Bxf6 Bxf6 14. 0-0 b4 15. Nd1 0-0 16. Kh1 Bb7 17. Re1 a5 18. Qb5 Qc7 19. Qh5 Qb6 20. Rb1 Rac8 21. Re2 Rc5 22. Qh3 Ba6 23. Rd2 Qc6 24. Nf2 Rc8 25. Rbd1 Bxb2 26. Rxd6 Qb7 27. Bxe6 fxe6 28. Qxe6+ Kh8 29. Rd8+ Rxd8 30. Rxd8+ Kh7 31. f5 1-0

[Event "Cap d'Agde Cavalier op"]
[Site "Cap d'Agde"]
[Date "2008.10.25"]
[Round "1"]
[White "Mora, Pascal"]
[Black "Ringuet, Noe"]
[Result "1-0"]
[WhiteElo "2096"]
[BlackElo "1860"]
[PlyCount "87"]
[EventDate "2008.10.25"]
[EventType "swiss"]
[EventRounds "9"]
[EventCountry "FRA"]
[SourceTitle "EXT 2010"]
[Source "ChessBase"]
[SourceDate "2010.11.25"]
[SourceVersion "1"]
[SourceVersionDate "2010.11.25"]
[SourceQuality "1"]

1. e4 d6 2. d4 Nf6 3. Bd3 Nbd7 4. f4 g6 5. Nf3 Bg7 6. 0-0 0-0 7. Qe1 e5 8. c3 Re8 9. fxe5 dxe5 10. Qh4 c5 11. d5 a6 12. a4 c4 13. Bxc4 Nc5 14. Re1 Bd7 15. a5 b5 16. axb6 Qxb6 17. Kh1 Bb5 18. Na3 Rac8 19. Be3 Qb8 20. Bxb5 axb5 21. Bg5 Nfd7 22. Nc2 Nd3 23. Re2 Nxb2 24. Nb4 Na4 25. Nc6 Qd6 26. Ne7+ Rxe7 27. Bxe7 Qb6 28. Bb4 Ndc5 29. Rf1 h6 30. h3 Nd3 31. Nh2 Nf4 32. Rd2 Qe3 33. Qe1 Qb6 34. Qf2 Qc7 35. Qe3 Nb6 36. Ra2 Nc4 37. Qa7 Qd8 38. g3 Nxh3 39. Qxf7+ Kh7 40. Ra7 Qh8 41. Ng4 h5 42. Rf6 hxg4 43. Qxg6+ Kg8 44. Qf7+ 1-0

[Event "FRA-ch U14"]
[Site "La Roche sur Yon"]
[Date "2008.04.23"]
[Round "5"]
[White "Lagarde, Maxime"]
[Black "Ringuet, Noe"]
[Result "1-0"]
[WhiteElo "2308"]
[BlackElo "1821"]
[PlyCount "86"]
[EventDate "2008.04.21"]
[EventType "swiss"]
[EventRounds "9"]
[EventCountry "FRA"]
[SourceTitle "EXT 2010"]
[Source "ChessBase"]
[SourceDate "2010.11.25"]
[SourceVersion "1"]
[SourceVersionDate "2010.11.25"]
[SourceQuality "1"]

1. e4 c5 2. Nf3 d6 3. d4 cxd4 4. Nxd4 Nf6 5. Nc3 a6 6. Be3 e5 7. Nb3 Be6 8. f3 Be7 9. Qd2 0-0 10. 0-0-0 Nbd7 11. g4 b5 12. Kb1 b4 13. Nd5 Bxd5 14. exd5 a5 15. g5 Ne8 16. Rg1 a4 17. Nc1 Qb8 18. Rg4 b3 19. cxb3 axb3 20. a3 Nc5 21. Nd3 Qb7 22. Nb4 Nc7 23. Nc6 N7a6 24. Rc1 Rfc8 25. h4 Rxc6 26. dxc6 Qxc6 27. Bc4 Qxf3 28. Rgg1 Nb4 29. Qxb4 Qxe3 30. Ka1 d5 31. Bxd5 Rd8 32. Qc4 Nd3 33. Bxf7+ Kh8 34. Qxb3 Qf2 35. Rcf1 Qd4 36. Rd1 e4 37. Bc4 Qe5 38. Bxd3 exd3 39. Rxd3 Rf8 40. Rgd1 h6 41. g6 Bxh4 42. Re3 Qh2 43. Rh3 Qe5 1-0

[Event "FRA-ch U10"]
[Site "Le Grand Bornand"]
[Date "2007.04.??"]
[Round "7"]
[White "Giroyan, Gary"]
[Black "Ringuet, Noe"]
[Result "1-0"]
[WhiteElo "1967"]
[BlackElo "1640"]
[PlyCount "79"]
[EventDate "2007.04.07"]
[EventType "swiss"]
[EventRounds "9"]
[EventCountry "FRA"]
[SourceTitle "CBM 118 Extra"]
[Source "ChessBase"]
[SourceDate "2007.07.04"]
[SourceVersion "1"]
[SourceVersionDate "2007.07.04"]
[SourceQuality "1"]

1. e4 e6 2. d4 d5 3. Nc3 dxe4 4. Nxe4 Nd7 5. Nf3 Ngf6 6. Nxf6+ Nxf6 7. c3 Be7 8. Bd3 0-0 9. 0-0 c5 10. Bc2 b6 11. Ne5 Bb7 12. Bg5 cxd4 13. cxd4 Nd5 14. Qh5 f5 15. Bd2 Nf6 16. Qh3 Qxd4 17. Bc3 Qc5 18. Rac1 Rfd8 19. Nd3 Qb5 20. Nf4 Rd6 21. Bd3 Qa4 22. Be5 Rc6 23. b3 Qxa2 24. Rxc6 Bxc6 25. Nxe6 Qxb3 26. Nd4 Qd5 27. Nxc6 Qxc6 28. Bxf5 g6 29. Be6+ Kg7 30. Qb3 Qc5 31. Bb2 Rd8 32. g4 Kf8 33. Qf3 Kg7 34. Rc1 Qd6 35. g5 Qxe6 36. gxf6+ Kf7 37. fxe7+ Kxe7 38. Bf6+ Qxf6 39. Rc7+ Ke6 40. Rc6+ 1-0